Países que mais matam bebês no ventre de suas mães (aborto) - Statistics

Estatísticas Gerais
  • Esse quiz foi jogado 79 vezes
  • A pontuação média é 4 de 10
Estatísticas das Respostas
# PAÍSES TAXA DE ABORTO A CADA MIL MULHERES % Correto
10 China 24,0
89%
1 Rússia 53,7
71%
7 Ucrânia 27,5
38%
5 Bielorrússia 31,7
35%
4 Estônia 33,3
31%
8 Letônia 27,3
31%
9 Cuba 24,8
29%
2 Vietnã 35,2
26%
6 Romênia 27,8
25%
3 Cazaquistão 35,0
22%
Nenhum quiz correspondente encontrado
Distribuição das Pontuações
Porcentagem de Pessoas com Cada Pontuação
Percentil de Números Respondidos
Sua Pontuação Histórica
Você não jogou esse quiz